00516nam a2200157 i 4500001000300000100001600003245007800019260002100097040000800118041000800126942000700134008004100141999001700182856009800199952006100297bg1 aJeż, Jan. 0aOcena właściwości geotechnicznych podłoża gruntowego /cJ. Jeż. aPoznań,c1990. cBPK apol cKS s pl f |000 0 pol  c29214d29214 uhttp://koha.tu.koszalin.pl/cgi-bin/koha/opac-detail.pl?biblionumber=29214yKatalog online BPK 00104070aBPKbBPKcwo35304p01595376s2020-11-04yKS